| 000 | 00812cam a22002653a 4500 | ||
|---|---|---|---|
| 001 | 27241 | ||
| 003 | PGUSA | ||
| 005 | 20140828083605.0 | ||
| 008 | 081112s2008||||xxu|||||s|||||000 | eng d | ||
| 040 |
_aPGUSA _beng |
||
| 042 | _adc | ||
| 050 | 4 | _aPT | |
| 100 | 1 |
_aCouperus, Louis, _d1863-1923 |
|
| 245 | 1 | 0 |
_aReis-impressies _h[electronic resource] / _cLouis Couperus |
| 260 |
_bProject Gutenberg, _c2008 |
||
| 506 | _aPublic domain in the USA. | ||
| 516 | _aElectronic text | ||
| 653 | _aCouperus, Louis, 1863-1923 -- Journeys -- Greece | ||
| 653 | _aGreece -- Description and travel | ||
| 653 | _aCouperus, Louis, 1863-1923 -- Journeys -- Italy | ||
| 653 | _aItaly -- Description and travel | ||
| 830 | 0 |
_aProject Gutenberg _v27241 |
|
| 856 | 4 | 0 | _uhttp://www.gutenberg.org/ebooks/27241 |
| 942 | _cEB | ||
| 999 |
_c256496 _d256496 |
||